1470 1793 1801 1155 1914 1871 1190 1863 1439 1121 1797 1737 1936 1963 1601 1806 1506 1651 1171 1482 1892 1252 1494 1311 1638 1549 1246 1384 1693 1960 1577 1365 1363 1389 1821 1619 1224 1794 1986 1650 1537 1057 1485 1966 1789 1471 1690 1448 1851 1588 1708 1384 1077 1650 1283 1685 1498 1604 1184 1159 1494 1338 1466 1236 1624 1989 1030 1263 1551 1170 1212 1655 1599 1693 1827 1757 1483 1504 1882 1266 1565 1837 1628 1703 1013 1013 1729 1937 1927 1110 1482 1074 1963 1915 1319 1348 1436 1478 1285 BCNSPRNW ULIB Ver.6.0+V

เปลี่ยนเป็นภาษาไทย

Change to English
 แสดงรายละเอียดบรรณานุกรม
  กลับหน้าหลัก

Brief Record : Get Marc (ISO 2709) : E-mail record : QR code < ปิดหน้าต่าง
LEADER : 00000nam 2200000uu 4500
001    13399109488
003     ULIB
008    110403s2543||||th 000 0 tha d
020    9748317366
060  4 WB115^bอ636อ 2543
245 00 อายุรศาสตร์ทันยุค^n6 =^bUpdate in internal medicine 6 /^cบรรณาธิการ รุ่งนิรันดร์ ประดิษฐสุวรรณ, สมเกียรติ วสุวัฏฏกุล, ดำรัส ตรีสุโกศล
246 31 Update in internal medicine 6
250    พิมพ์ครั้งที่ 1
260    กรุงเทพฯ :^bภาควิชาอายุรศาสตร์ คณะแพทยศาสตร์ศิริราชพยาบาลมหาวิทยาลัยมหิดล,^c2543
300    467, [10] หน้า :^bภาพประกอบ ;^c21 ซม.
650  7 อายุรศาสตร์
650  7 อายุรศาสตร์^vรวมเรื่อง
653    ผลงานอาจารย์คณะแพทยศาสตร์ศิริราชพยาบาล
700 0  รุ่งนิรันดร์ ประดิษฐสุวรรณ,^eบรรณาธิการ
700 0  สมเกียรติ วสุวัฏฏกุล,^eบรรณาธิการ
700 0  ดำรัส ตรีสุโกศล,^eบรรณาธิการ
710 2  มหาวิทยาลัยมหิดล. ^bคณะแพทยศาสตร์ศิริราชพยาบาล.^bภาควิชาอายุรศาสตร์
945    ^p300^l0^i014432
945    ^p300^l0^i014431
945    ^p300^l0^i014430
995    ทศพร
999 ^a ใช้งานได้ทุกระบบ
รายการนี้ยังไม่มีแท็ก
คุณยังไม่ได้ล็อกอิน คุณสามารถมีกิจกรรมร่วมกับเว็บไซต์ได้ แต่ต้องล็อกอินก่อน ::
  ล็อกอิน

รายการสื่อสารสนเทศ

ลำดับที่ ประเภท เลขเรียก/บาร์โค้ด สถานที่ สถานะ
- ไม่พบข้อมูล -

รายการใกล้เคียง
    หัวเรื่อง [อายุรศาสตร์]

BibComment


ยังไม่เคยถูกคอมเมนท์

คอมเมนท์ทรัพยากรรายการนี้
  คอมเมนท์: อายุรศาสตร์ทันยุค..


 Copyright 2026. Bcnsprnw @Library